Afrique : l’épreuve de l’indépendance / (notice nᵒ 5606)
[ vue normale ]
| 000 -LEADER | |
|---|---|
| fixed length control field | 02625 a2200385 4500 |
| 001 - CONTROL NUMBER | |
| control field | OB-iheid-4333 |
| 003 - CONTROL NUMBER IDENTIFIER | |
| control field | FrMaCLE |
| 005 - DATE AND TIME OF LATEST TRANSACTION | |
| control field | 20251214082632.0 |
| 007 - PHYSICAL DESCRIPTION FIXED FIELD--GENERAL INFORMATION | |
| fixed length control field | cu ||||||m|||| |
| 008 - FIXED-LENGTH DATA ELEMENTS--GENERAL INFORMATION | |
| fixed length control field | 150119e||||||||xx |||||s|||||||||0|fr|d |
| 020 ## - INTERNATIONAL STANDARD BOOK NUMBER | |
| International Standard Book Number | 978-2-940549-45-0 |
| 024 7# - OTHER STANDARD IDENTIFIER | |
| Standard number or code | 10.4000/books.iheid.4333 |
| Source of number or code | doi |
| 040 ## - CATALOGING SOURCE | |
| Original cataloging agency | FR-FrMaCLE |
| 041 ## - LANGUAGE CODE | |
| Language code of text/sound track or separate title | fra |
| 100 1# - MAIN ENTRY--PERSONAL NAME | |
| Personal name | Yacine-Touré, Ben |
| 245 10 - TITLE STATEMENT | |
| Title | Afrique : l’épreuve de l’indépendance / |
| Statement of responsibility, etc. | Ben Yacine-Touré. |
| 260 ## - PUBLICATION, DISTRIBUTION, ETC. | |
| Place of publication, distribution, etc. | Genève : |
| Name of publisher, distributor, etc. | Graduate Institute Publications, |
| Date of publication, distribution, etc. | 2015. |
| 300 ## - PHYSICAL DESCRIPTION | |
| Extent | 160 p. |
| 500 ## - GENERAL NOTE | |
| General note | Ebook |
| 520 ## - SUMMARY, ETC. | |
| Summary, etc. | Cet ouvrage constitue un travail de réflexion et de synthèse sur les tendances présentes et décelables des principales options politiques et économiques des gouvernements africains au terme de vingt-cinq ans d'indépendance. Trois considérations dominent l'approche de l'auteur : 1. L'Afrique, cette entité politique et économique « une et indivisible », à laquelle on se réfère constamment, n'existe pas. Elle est à concevoir et à forger au prix d'un effort gigantesque de plusieurs générations d'Africains confiants dans les valeurs ancestrales et suffisamment avertis des réalités du monde extérieur. 2. L'indépendance n'est pas une fin, mais un moyen au service de la libération nationale qui constitue le véritable et ultime objectif de la décolonisation de l'Afrique. 3. Le développement est un projet commun de société. Dans son élaboration, le peuple est acteur et l'élite instrument, et non l'inverse. L'auteur sort des sentiers battus d'une présentation idéalisée ou schématisée de l'Afrique pour nous restituer l'indépendance dans son extrême complexité, simple charnière entre le passé et l'avenir de l'Afrique. Dans une présentation sans complaisance, à partir d'une profonde et stimulante inspiration, le débat sur l'avenir de l'Afrique s'ouvre ici à un niveau exceptionnellement élevé. |
| 540 ## - TERMS GOVERNING USE AND REPRODUCTION NOTE | |
| Terms governing use and reproduction | CC-BY-NC-ND-4.0 |
| Uniform Resource Identifier | <a href="https://creativecommons.org/licenses/by-nc-nd/4.0/">https://creativecommons.org/licenses/by-nc-nd/4.0/</a> |
| 650 #4 - SUBJECT ADDED ENTRY--TOPICAL TERM | |
| Topical term or geographic name entry element | Political Science Public Admin. & Development |
| Topical term or geographic name entry element | Public Administration |
| Topical term or geographic name entry element | décolonisation |
| Topical term or geographic name entry element | développement économique |
| Topical term or geographic name entry element | Etat | nation |
| Topical term or geographic name entry element | libération nationale |
| Topical term or geographic name entry element | géopolitique |
| Topical term or geographic name entry element | ONU - Organisation des Nations unies |
| Topical term or geographic name entry element | pays en voie de développement |
| Topical term or geographic name entry element | politique contemporaine |
| Topical term or geographic name entry element | politique internationale |
| 776 ## - ADDITIONAL PHYSICAL FORM ENTRY | |
| International Standard Book Number | 978-2-13-037962-1 |
| 856 4# - ELECTRONIC LOCATION AND ACCESS | |
| Data provenance | Yacine-Touré, Ben |
| Uniform Resource Identifier | <a href="https://books.openedition.org/iheid/4333">https://books.openedition.org/iheid/4333</a> |
| Link text | Afrique : l’épreuve de l’indépendance |
Pas d'exemplaire disponible.
